100 ways to supercharge your metabolism

Bibliographic Details
Main Author: Phillips, Cynthia
Other Authors: Priwer, Shana
Format: Book
Published: Beverly : Fair Winds Press , 2009
Subjects:

MARC

LEADER 00000cam a2200000 7i4500
001 0000140677
005 20100817.0
020 |a 1592333958 
020 |a 9781592333950 
090 0 0 |a 613.25   |b PHI 
100 1 |a Phillips, Cynthia 
245 1 0 |a 100 ways to supercharge your metabolism   |c Cynthia Phillips and Shana Priwer 
260 |a Beverly :   |b Fair Winds Press ,   |c 2009 
300 |a 240p. ;   |c 23cm. 
650 0 0 |a Energy metabolism 
650 0 0 |a Weight loss 
700 0 |a Priwer, Shana 
999 |a 00238440   |b BUKU   |c PINJAMAN   |e PERPUSTAKAAN KOMUNITI PETALING JAYA